Gorbachev factor in world affairs (Record no. 551)
[ view plain ]
| 000 -LEADER | |
|---|---|
| fixed length control field | 00524cam a2200193ua 4500 |
| 008 - FIXED-LENGTH DATA ELEMENTS--GENERAL INFORMATION | |
| fixed length control field | 110412n ii |||gr||||Z||||||eng |
| 020 ## - INTERNATIONAL STANDARD BOOK NUMBER | |
| International Standard Book Number | 81-7018-545-9 |
| 040 ## - CATALOGING SOURCE | |
| Transcribing agency | MAIN |
| 082 ## - DEWEY DECIMAL CLASSIFICATION NUMBER | |
| Classification number | 327 |
| 245 1# - TITLE STATEMENT | |
| Title | Gorbachev factor in world affairs |
| Statement of responsibility, etc. | by Bhabani Sen Gupta |
| 250 ## - EDITION STATEMENT | |
| Edition statement | 1st. |
| 260 ## - PUBLICATION, DISTRIBUTION, ETC. | |
| Place of publication, distribution, etc. | Delhi: |
| Name of publisher, distributor, etc. | B.R. Publishing corporation,989. |
| 300 ## - PHYSICAL DESCRIPTION | |
| Extent | xxvi, 507p.: |
| Dimensions | 45cm. |
| 700 ## - ADDED ENTRY--PERSONAL NAME | |
| Personal name | Gupta, Bhabani Sen., |
| Relator term | |
| 942 ## - ADDED ENTRY ELEMENTS (KOHA) | |
| Koha item type | Books |
| 653 ## - INDEX TERM--UNCONTROLLED | |
| Uncontrolled term | Political science |
| 653 ## - INDEX TERM--UNCONTROLLED | |
| Uncontrolled term | Gorvachev factor in world affairs |
| Withdrawn status | Lost status | Damaged status | Not for loan | Home library | Current library | Shelving location | Date acquired | Total Checkouts | Full call number | Barcode | Date last seen | Copy number | Price effective from | Koha item type |
|---|---|---|---|---|---|---|---|---|---|---|---|---|---|---|
| Central Library, Naharkatiya College | Central Library, Naharkatiya College | 19/09/2020 | 327 | GUP | 4199 | 19/09/2020 | 1 | 19/09/2020 | Books |
